000 00306nam a22001097a 4500
008 211109b ||||| |||| 00| 0 eng d
050 _a500
_b1
245 _aQuestion Bank And CBSE Sample Paper With Model Test Paper In Science,Class -10
260 _aNoida
_bGoyal Brothers
300 _a1
942 _2ddc
_cBK
999 _c11891
_d11891